[Event "GER-ch U14 Girls"]
[Site "Oberhof"]
[Date "2013.05.22"]
[Round "6"]
[White "Bach, Kira Annika"]
[Black "Lederer, Leia"]
[Result "0-1"]
[WhiteElo "1465"]
[BlackElo "1547"]
[PlyCount "76"]
[EventDate "2013.05.19"]
[EventType "swiss"]
[EventRounds "9"]
[EventCountry "GER"]
[SourceTitle "CBM 154 Extra"]
[Source "ChessBase"]
[SourceDate "2013.06.25"]
[SourceVersion "2"]
[SourceVersionDate "2013.06.25"]
[SourceQuality "1"]

1. e4 c5 2. Nc3 Nc6 3. g3 g6 4. Bg2 Bg7 5. d3 e6 6. Be3 d6 7. Qd2 Rb8 8. a4 a6 9. Rb1 b5 10. axb5 axb5 11. Nf3 Nd4 12. 0-0 Ne7 13. Ne2 Nec6 14. Nexd4 Nxd4 15. c3 Nc6 16. d4 cxd4 17. cxd4 0-0 18. Bh6 Qb6 19. h3 Bb7 20. Bxg7 Kxg7 21. Qc3 Na5 22. Nd2 b4 23. Qe3 Rfc8 24. Rfc1 b3 25. Rc3 Rxc3 26. Qxc3 Rc8 27. Qe3 Rc2 28. Bf3 Qb4 29. Nf1 Nc4 30. Qd3 Nxb2 31. Qe3 Rc3 32. Qd2 Nc4 33. Qe1 b2 34. Rd1 Qa3 35. Nd2 Nxd2 36. Qxd2 Rc1 37. Qe1 Rxd1 38. Qxd1 Qa2 0-1

[Event "Rheinland Pfalz op 4th"]
[Site "Altenkirchen"]
[Date "2012.06.08"]
[Round "4"]
[White "Bach, Kira Annika"]
[Black "Kirmeir, Andreas"]
[Result "0-1"]
[WhiteElo "1247"]
[BlackElo "1805"]
[PlyCount "92"]
[EventDate "2012.06.07"]
[EventType "swiss"]
[EventRounds "7"]
[EventCountry "GER"]
[SourceTitle "CBM 148 Extra"]
[Source "ChessBase"]
[SourceDate "2012.06.22"]
[SourceVersion "1"]
[SourceVersionDate "2012.06.22"]
[SourceQuality "1"]

1. e4 e6 2. d4 g6 3. Nf3 Bg7 4. Be3 d6 5. Nbd2 Ne7 6. c3 b6 7. g3 Bb7 8. Bg2 Nd7 9. 0-0 h6 10. Re1 0-0 11. Bf4 g5 12. Be3 Ng6 13. h3 Rb8 14. Nh2 e5 15. d5 Nf6 16. c4 Bc8 17. b4 Nh7 18. Rb1 f5 19. f3 f4 20. Bf2 fxg3 21. Bxg3 Nf4 22. Bxf4 gxf4 23. Ng4 h5 24. Nf2 Rf6 25. Kh2 Rg6 26. Rg1 Qh4 27. Nh1 Rg3 28. Nf2 Ng5 29. Qf1 Kf7 30. Nb3 Bf8 31. Nd2 Be7 32. a3 Bd7 33. Rb3 Rg8 34. Rb1 Nxh3 35. Nxh3 Bxh3 36. Bxh3 Rxg1 37. Qxg1 Rxg1 38. Rxg1 Qf2+ 39. Rg2 Qe1 40. Be6+ Ke8 41. Bf5 Bh4 42. Rg8+ Ke7 43. Rg7+ Kf8 44. Rg6 Bg3+ 45. Kg2 Qf2+ 46. Kh3 Qh2# 0-1

[Event "GER-ch U10"]
[Site "Oberhof"]
[Date "2010.05.28"]
[Round "10"]
[White "Bach, Kira Annika"]
[Black "Arnhold, Steffi"]
[Result "1-0"]
[WhiteElo "1071"]
[BlackElo "1145"]
[PlyCount "71"]
[EventDate "2010.05.22"]
[EventType "swiss"]
[EventRounds "11"]
[EventCountry "GER"]
[SourceTitle "CBM 136 Extra"]
[Source "ChessBase"]
[SourceDate "2010.07.02"]
[SourceVersion "2"]
[SourceVersionDate "2010.07.15"]
[SourceQuality "1"]

1. e4 c5 2. d4 cxd4 3. c3 dxc3 4. Nxc3 e6 5. Bc4 Nc6 6. Nf3 d6 7. 0-0 Nge7 8. Bg5 a6 9. Re1 Qc7 10. h3 Ng6 11. Bb3 Nge5 12. Be3 Be7 13. Qd2 0-0 14. Rad1 Nxf3+ 15. gxf3 Ne5 16. f4 Nf3+ 17. Kf1 Nxd2+ 18. Bxd2 b5 19. f5 e5 20. Re3 Bb7 21. Rg3 b4 22. Nd5 Bxd5 23. Bxd5 Rac8 24. Bh6 Bf6 25. Bxg7 Bxg7 26. f6 a5 27. Rdd3 Qc1+ 28. Kg2 Qxb2 29. Rdf3 Rc7 30. Rf5 Rc2 31. fxg7 Rc7 32. gxf8Q+ Kxf8 33. Rf6 Qd4 34. Rg5 Ke7 35. Rxf7+ Kd8 36. Rg8# 1-0

[Event "GER-ch U10"]
[Site "Oberhof"]
[Date "2010.05.25"]
[Round "5"]
[White "Bach, Kira Annika"]
[Black "Denkert, Anna"]
[Result "0-1"]
[WhiteElo "1071"]
[BlackElo "914"]
[PlyCount "90"]
[EventDate "2010.05.22"]
[EventType "swiss"]
[EventRounds "11"]
[EventCountry "GER"]
[SourceTitle "CBM 136 Extra"]
[Source "ChessBase"]
[SourceDate "2010.07.02"]
[SourceVersion "2"]
[SourceVersionDate "2010.07.15"]
[SourceQuality "1"]

1. e4 e5 2. Nf3 Nf6 3. Nxe5 d6 4. Nf3 Nxe4 5. Qe2 Qe7 6. d3 Nf6 7. Qxe7+ Bxe7 8. Nc3 Nc6 9. d4 d5 10. Bb5 Bd7 11. Bf4 0-0-0 12. 0-0-0 Rhe8 13. Rhe1 Bb4 14. Rxe8 Rxe8 15. Be5 Bxc3 16. bxc3 Ne4 17. Re1 Nxe5 18. Bxd7+ Nxd7 19. Kd1 Nxf2+ 20. Kd2 Rxe1 21. Kxe1 Ne4 22. Nh4 Nxc3 23. Nf5 g6 24. Ne3 c6 25. a3 Nb5 26. c4 dxc4 27. Nxc4 Nxd4 28. Nd6+ Kc7 29. Nxf7 Nc2+ 30. Kd2 Nxa3 31. h4 Nc4+ 32. Kc3 Nce5 33. Ng5 h6 34. Ne6+ Kd6 35. Ng7 Ke7 36. h5 Kf7 37. Ne6 Kxe6 38. hxg6 Nxg6 39. Kd4 b5 40. Ke4 b4 41. Kd3 a5 42. Kc2 c5 43. Kb3 Nf4 44. g3 Nh5 45. g4 Nhf6 0-1